书目信息 |
| 题名: |
国际经济学
|
|
| 作者: | (美克鲁格曼等著;海闻等校译 | |
| 分册: | ||
| 出版信息: | 北京 中国人民大学出版社 1998.11 |
|
| 页数: | 748页 | |
| 开本: | 16开 | |
| 丛书名: | ||
| 单 册: | ||
| 中图分类: | F11-0 | |
| 科图分类: | ||
| 主题词: | 经济--世界 , 国际经济关系 | |
| 电子资源: | ||
| ISBN: | 7-300-02904-3 | |
| 000 | 00586nam0 2200193 45 | |
| 001 | 0012121541 | |
| 005 | 20001212160049.8 | |
| 010 | @a7-300-02904-3@d75.00元 | |
| 100 | @a20001212d1998 km y0chiy0120 ea | |
| 101 | 0 | @achi |
| 105 | @a z 000yy | |
| 200 | 1 | @a国际经济学@AGuo Ji Jing Ji Xue@f(美克鲁格曼等著;海闻等校译@F(Mei Ke Lu Ge Man Deng Zhu;Hai Wen Deng Xiao Yi |
| 210 | @a北京@c中国人民大学出版社@d1998.11 | |
| 215 | @a748页@d16开 | |
| 606 | 0 | @a经济@x世界 |
| 606 | 0 | @a国际经济关系 |
| 690 | @aF11-0@v3 | |
| 801 | @aCN@bPftUser@c20001212 | |
| 905 | @b307016-017@dF11-0@eK261=4@f2 | |
| 国际经济学/(美克鲁格曼等著;海闻等校译.-北京:中国人民大学出版社,1998.11 |
| 748页;16开 |
| ISBN 7-300-02904-3:75.00元 |
| ● |
| 相关链接 |
|
|
|
正题名:国际经济学
索取号:F11-0/K261=4
 
预约/预借
| 序号 | 登录号 | 条形码 | 馆藏地/架位号 | 状态 | 备注 |
| 1 | 307016 | 203070167 | 社科库409/ [索取号:F11-0/K261=4] | 在馆 | |
| 2 | 307017 | 203070176 | 社科库409/409社科库 66排3列3层/ [索取号:F11-0/K261=4] | 在馆 |